=LDR 00000nam 2200000 4500 =001 INLIS000000000043912 =005 20131008103950 =008 ***********************************ind** =035 ##$$0010-101300000001834 =041 ##$$a ind =082 ##$$a 2X9.873 =090 ##$$a 2X9.873, Nat t =100 ##$$a Nata, Abuddin =245 ##$$a Tokoh-tokoh pembauran pendidikan Islam di Indonesia, H. Aduddin Nata =260 ##$$a 2005 $b Jakarta =300 ##$$a xiv, 453 hlm, ilus, 23 cm =650 ##$$a Bigrafi - Pendidikan Islam Indonesia =850 ##$$a NBPNMAT